[Event "POL-chT U19 2nd League"]
[Site "Szczyrk"]
[Date "2014.07.31"]
[Round "9.74"]
[White "Skierski, Jacek"]
[Black "Kucza, Jan"]
[Result "1/2-1/2"]
[WhiteElo "1547"]
[BlackElo "1460"]
[PlyCount "86"]
[EventDate "2014.07.25"]
[EventType "team-swiss"]
[EventRounds "11"]
[EventCountry "POL"]
[SourceTitle "EXT 2015"]
[Source "ChessBase"]
[SourceDate "2014.11.20"]
[SourceVersion "1"]
[SourceVersionDate "2014.11.20"]
[SourceQuality "1"]
[WhiteTeam "Katowice UKS Palac Mlodziezy U19"]
[BlackTeam "Rybnik MKSz U19 II"]
[WhiteTeamCountry "POL"]
[BlackTeamCountry "POL"]

1. d4 d5 2. c4 e5 3. cxd5 Qxd5 4. dxe5 Qxd1+ 5. Kxd1 Nc6 6. Bf4 Bf5 7. f3 0-0-0+ 8. Nd2 Bb4 9. e4 Be6 10. a3 Bb3+ 11. Ke2 Bxd2 12. Bxd2 Nd4+ 13. Kf2 Nc2 14. Bg5 Nxa1 15. Bxd8 Kxd8 16. Bd3 Be6 17. Ne2 Nb3 18. Rd1 Kc8 19. Nf4 Nc5 20. Bb5 c6 21. Be2 Bb3 22. Rc1 Ne6 23. Nd3 Nd4 24. Bf1 Ne7 25. Ke3 Rd8 26. Nc5 Be6 27. f4 g6 28. h3 b6 29. Ba6+ Kc7 30. Nb7 Rd7 31. g4 Nb3 32. Rc3 Rd2 33. Rxb3 Rh2 34. Rd3 Rxh3+ 35. Kd2 Rxd3+ 36. Kxd3 Bxg4 37. Nd6 Be6 38. Bc4 h5 39. Nxf7 Kd7 40. Bxe6+ Kxe6 41. Ng5+ Kd7 42. b4 a6 43. Kd4 h4 1/2-1/2

[Event "POL-chT U19 2nd League"]
[Site "Szczyrk"]
[Date "2014.07.27"]
[Round "4.85"]
[White "Gajewski, Marcin"]
[Black "Skierski, Jacek"]
[Result "1/2-1/2"]
[WhiteElo "1415"]
[BlackElo "1547"]
[PlyCount "85"]
[EventDate "2014.07.25"]
[EventType "team-swiss"]
[EventRounds "11"]
[EventCountry "POL"]
[SourceTitle "EXT 2015"]
[Source "ChessBase"]
[SourceDate "2014.11.20"]
[SourceVersion "1"]
[SourceVersionDate "2014.11.20"]
[SourceQuality "1"]
[WhiteTeam "Czestochowa UKS Hetman U19"]
[BlackTeam "Katowice UKS Palac Mlodziezy U19"]
[WhiteTeamCountry "POL"]
[BlackTeamCountry "POL"]

1. Nf3 d5 2. g3 c5 3. Bg2 Nc6 4. 0-0 Nf6 5. d3 e5 6. Nbd2 Bd6 7. e4 d4 8. a4 Be6 9. Nh4 0-0 10. Qe2 Qc7 11. Nc4 Bxc4 12. dxc4 Nd7 13. Nf5 f6 14. Qg4 Nb6 15. b3 Nb4 16. Bh6 Rf7 17. Bxg7 Rxg7 18. Nxg7 Qxg7 19. Qe6+ Kh8 20. Qxd6 Nxc2 21. Rab1 Qf8 22. Qe6 Rd8 23. Rfd1 Na8 24. Rb2 Nc7 25. Qg4 Nb4 26. Bf1 Qe7 27. Bd3 Ne6 28. h4 Rg8 29. Qf3 Qg7 30. Kh2 Qh6 31. Rdd2 Nf4 32. Bf1 Qg6 33. Bg2 Nh5 34. Bh3 Ng7 35. Rd1 a5 36. Rg1 Qh6 37. Rd1 Rd8 38. Bf1 Rg8 39. Bh3 Rd8 40. Bf5 Rg8 41. Rg1 Nc6 42. Bh3 Nb4 43. Bf5 1/2-1/2

[Event "POL Region-ch U15"]
[Site "Szczyrk"]
[Date "2012.10.21"]
[Round "7.8"]
[White "Skierski, Jacek"]
[Black "Bialucha, Sebastian"]
[Result "1-0"]
[WhiteElo "1575"]
[BlackElo "1298"]
[PlyCount "73"]
[EventDate "2012.10.14"]
[EventType "swiss"]
[EventRounds "9"]
[EventCountry "POL"]
[SourceTitle "EXT 2023"]
[Source "ChessBase"]
[SourceDate "2022.10.05"]
[SourceVersion "1"]
[SourceVersionDate "2022.10.05"]
[SourceQuality "1"]

1. d4 d5 2. c4 e6 3. Nc3 Nf6 4. cxd5 exd5 5. Bg5 Be7 6. e3 0-0 7. Bd3 h6 8. Bh4 a6 9. Nge2 Nc6 10. a3 Nh5 11. Bg3 Nxg3 12. Nxg3 Bd6 13. Bc2 Ne7 14. Nge2 c6 15. f3 Re8 16. e4 dxe4 17. fxe4 Ng6 18. 0-0 Bc7 19. e5 Bb6 20. Kh1 Be6 21. Ne4 Re7 22. Nd6 Qc7 23. Bxg6 fxg6 24. Nf4 g5 25. Nxe6 Rxe6 26. Qb3 Qd7 27. Rf7 Qxd6 28. exd6 Rae8 29. Re7 Kh8 30. Qxe6 Rg8 31. d7 Bxd4 32. Qxg8+ Kxg8 33. d8Q+ Kh7 34. Rf1 Bf6 35. Rxf6 g4 36. Rxg7+ Kxg7 37. Qf8+ 1-0

[Event "POL Region-ch U15"]
[Site "Szczyrk"]
[Date "2012.10.21"]
[Round "5.6"]
[White "Swierad, Lukasz"]
[Black "Skierski, Jacek"]
[Result "1-0"]
[WhiteElo "1464"]
[BlackElo "1575"]
[PlyCount "57"]
[EventDate "2012.10.14"]
[EventType "swiss"]
[EventRounds "9"]
[EventCountry "POL"]
[SourceTitle "EXT 2023"]
[Source "ChessBase"]
[SourceDate "2022.10.05"]
[SourceVersion "1"]
[SourceVersionDate "2022.10.05"]
[SourceQuality "1"]

1. e4 e6 2. d4 d5 3. e5 c5 4. Qg4 cxd4 5. Nf3 Nc6 6. Bd3 Qc7 7. Qg3 Nge7 8. 0-0 Ng6 9. Re1 Bd7 10. a3 0-0-0 11. b4 Ncxe5 12. Nxe5 Bd6 13. f4 Nxf4 14. Bxf4 g5 15. Qxg5 h6 16. Qh4 f6 17. Ng6 Bxf4 18. Qxf4 e5 19. Qxf6 e4 20. Nxh8 Rg8 21. Ng6 exd3 22. Ne7+ Kb8 23. Nxg8 dxc2 24. Qf8+ Bc8 25. Nd2 a6 26. Ne7 Qc3 27. Qxc8+ Ka7 28. Qxc3 dxc3 29. Nf3 1-0

[Event "POL-chT U19 2nd League"]
[Site "Borowice"]
[Date "2012.07.25"]
[Round "7"]
[White "Chylewski, Patryk"]
[Black "Skierski, Jacek"]
[Result "1-0"]
[WhiteElo "1571"]
[BlackElo "1587"]
[PlyCount "76"]
[EventDate "2012.07.21"]
[EventType "team-swiss"]
[EventRounds "11"]
[EventCountry "POL"]
[SourceTitle "EXT 2014"]
[Source "ChessBase"]
[SourceDate "2013.11.20"]
[SourceVersion "1"]
[SourceVersionDate "2013.11.20"]
[SourceQuality "1"]
[WhiteTeam "Szachylice UKS U19"]
[BlackTeam "Katowice UKS Palac Mlodziezy U19"]
[WhiteTeamCountry "POL"]
[BlackTeamCountry "POL"]

1. Nf3 d5 2. d4 e6 3. c4 f5 4. Nc3 Nf6 5. Bg5 c6 6. e3 Be7 7. Bxf6 Bxf6 8. Bd3 0-0 9. 0-0 Be7 10. Ne5 Nd7 11. f4 Nf6 12. Rf3 Ne4 13. Rh3 Qe8 14. Rc1 Bd6 15. a3 Rf6 16. b4 a6 17. Qb3 Bxe5 18. fxe5 Rf7 19. a4 Nxc3 20. Qxc3 b5 21. cxb5 cxb5 22. a5 Bb7 23. Qb2 Rc8 24. Rf3 Rfc7 25. Rxc7 Rxc7 26. Rf2 Qc8 27. Rc2 Rxc2 28. Qxc2 Qxc2 29. Bxc2 Bc6 30. Kf2 h5 31. h3 g6 32. g4 hxg4 33. hxg4 Kg7 34. Kg3 Be8 35. Kh4 Kh6 36. Bd1 Bf7 37. Bf3 Be8 38. Be2 Bf7 1-0